000
00236nam a2200097Ia 4500
008
120527s9999 xx 000 0 und d
100
_a
BAWDEN,D.LEE.
245
_a
Rethinking employment policy.
260
_b
Urban Institute.
942
_c
BK
999
_c
24046
_d
24046